Odgadnij polskiego poetę po trzech wierszach - Statystyki

Ogólne statystyki
  • Ten quiz został rozwiązany 67 razy
  • Średni wynik to 11 z 18
Statystyki odpowiedzi
Wskazówka Odpowiedź % Poprawnych
Na lipę, O doktorze Hiszpanie, Na zdrowie Jan Kochanowski
95%
Pani Twardowska, Powrót taty, Romantyczność Adam Mickiewicz
90%
Ptaszki w klatce, Jagnię i wilcy, Żona modna Ignacy Krasicki
88%
Hymn, Testament mój, Grób Agamemnona Juliusz Słowacki
88%
Rota, Jaś nie doczekał, Zła zima Maria Konopnicka
83%
Kaczka dziwaczka, Na wyspach Bergamutach, Staś Pytalski Jan Brzechwa
81%
Nic dwa razy, Schyłek wieku, Lenin Wisława Szymborska
79%
W malinowym chruśniaku, Urszula Kochanowska, Dusiołek Bolesław Leśmian
69%
Piosenka o końcu świata, Campo Di Fiori, Który skrzywdziłeś Czesław Miłosz
66%
Elegia o... [chłopcu polskim], Historia, Pokolenie Krzysztof Kamil Baczyński
66%
Do prostego człowieka, Spóźniony słowik, Okulary Julian Tuwim
64%
Daremne żale, Między nami nic nie było, Do młodych Adam Asnyk
50%
Deszcz jesienny, Przedśpiew, Wysokie drzewa Leopold Staff
47%
Hymn do Nirwany, Koniec wieku XIX, Mów do mnie jeszcze Kazimierz Przerwa-Tetmajer
41%
Lament, Ocalony, Zostawcie nas Tadeusz Różewicz
40%
Bagnet na broń, Kasztan, Rozmowa z historią Władysław Broniewski
34%
Pieśń o żołnierzach z Westerplatte, Skumbrie w tomacie, Strasna Zaba Konstanty Ildefons Gałczyński
33%
Potęga smaku, Pan od przyrody, Dedal i Ikar Zbigniew Herbert
33%
Nie znaleziono quizów pasujących do podanych kryteriów
Rozkład punktacji
Procent ludzi z każdym wynikiem
Percentyl według liczby udzielonych odpowiedzi
Twoja historia wyników
Nie rozwiązałeś tego quizu